Statistics for Countries with the Longest Total Pipelines

Click here to take the quiz!

General Stats

  • This quiz has been taken 85 times
  • The average score is 17 of 20

Answer Stats

Length (km)Country% Correct
4,023,360United States
100%
169,000China
99%
840,000Canada
98%
259,913Russia
98%
27,468Brazil
96%
39,778United Kingdom
96%
23,345France
95%
37,008Mexico
95%
34,335Germany
93%
36,284India
93%
34,612Australia
88%
39,850Argentina
87%
80,000Iran
87%
23,190Italy
83%
45,597Ukraine
79%
16,349Poland
78%
26,963Kazakhstan
73%
21,704Indonesia
71%
29,642Algeria
56%
20,877Hungary
32%

Score Distribution

Percentile by Number Answered

Percent of People with Each Score

Your Score History

You have not taken this quiz